Statistics for Countries of the World Quiz - 60 minutes

Click here to take the quiz!

General Stats

  • This quiz has been taken 144 times
  • The average score is 158 of 196

Answers on the Map

Answers color-coded by a green-red scale on the quiz's map according to % correct below.
 

Answer Stats

Country% Correct
Canada
96%
Mexico
96%
Russia
96%
United States
96%
Australia
93%
China
93%
Mongolia
93%
Argentina
89%
Bangladesh
89%
Chile
89%
Colombia
89%
Egypt
89%
Finland
89%
France
89%
Indonesia
89%
Italy
89%
Jamaica
89%
Japan
89%
New Zealand
89%
North Korea
89%
South Africa
89%
South Korea
89%
Spain
89%
Thailand
89%
Turkey
89%
Afghanistan
86%
Belize
86%
Bolivia
86%
Brazil
86%
Cuba
86%
Democratic Republic
of the Congo
86%
Denmark
86%
Ecuador
86%
Fiji
86%
Georgia
86%
Germany
86%
Ghana
86%
Guatemala
86%
Guinea
86%
India
86%
Iraq
86%
Israel
86%
Laos
86%
Madagascar
86%
Morocco
86%
Oman
86%
Pakistan
86%
Panama
86%
Papua New Guinea
86%
Philippines
86%
Republic of the Congo
86%
Saudi Arabia
86%
Sudan
86%
Sweden
86%
United Arab Emirates
86%
United Kingdom
86%
Uzbekistan
86%
Vietnam
86%
Belgium
82%
Cambodia
82%
Chad
82%
Costa Rica
82%
Dominica
82%
Dominican Republic
82%
El Salvador
82%
Ethiopia
82%
Greece
82%
Guyana
82%
Honduras
82%
Hungary
82%
Iran
82%
Ireland
82%
Jordan
82%
Kazakhstan
82%
Latvia
82%
Lebanon
82%
Libya
82%
Luxembourg
82%
Malaysia
82%
Mali
82%
Monaco
82%
Myanmar
82%
Nepal
82%
Netherlands
82%
Niger
82%
Nigeria
82%
North Macedonia
82%
Norway
82%
Paraguay
82%
Peru
82%
Portugal
82%
Qatar
82%
San Marino
82%
Somalia
82%
South Sudan
82%
Sri Lanka
82%
Suriname
82%
Tunisia
82%
Turkmenistan
82%
Ukraine
82%
Uruguay
82%
Vatican City
82%
Venezuela
82%
Yemen
82%
Zimbabwe
82%
Albania
79%
Algeria
79%
Andorra
79%
Angola
79%
Armenia
79%
Austria
79%
Azerbaijan
79%
Bahamas
79%
Bahrain
79%
Barbados
79%
Belarus
79%
Bhutan
79%
Bulgaria
79%
Cameroon
79%
Central African Republic
79%
Croatia
79%
Cyprus
79%
Eritrea
79%
Estonia
79%
Federated States of
Micronesia
79%
Haiti
79%
Iceland
79%
Ivory Coast
79%
Kuwait
79%
Kyrgyzstan
79%
Liberia
79%
Lithuania
79%
Maldives
79%
Malta
79%
Mauritania
79%
Moldova
79%
Montenegro
79%
Mozambique
79%
Nicaragua
79%
Poland
79%
Romania
79%
Senegal
79%
Serbia
79%
Singapore
79%
Switzerland
79%
Syria
79%
Taiwan
79%
Togo
79%
Bosnia and
Herzegovina
75%
Botswana
75%
Burkina Faso
75%
Czech Republic
75%
Djibouti
75%
Guinea-Bissau
75%
Kenya
75%
Kosovo
75%
Liechtenstein
75%
Malawi
75%
Namibia
75%
Saint Kitts and Nevis
75%
Sierra Leone
75%
Slovakia
75%
Slovenia
75%
Tajikistan
75%
Tanzania
75%
Tonga
75%
Tuvalu
75%
Vanuatu
75%
Benin
71%
Equatorial Guinea
71%
Eswatini
71%
Gabon
71%
Gambia
71%
Lesotho
71%
Marshall Islands
71%
Mauritius
71%
Rwanda
71%
Saint Lucia
71%
São Tomé and Príncipe
71%
Solomon Islands
71%
Trinidad and Tobago
71%
Uganda
71%
Zambia
71%
Antigua and Barbuda
68%
Brunei
68%
Burundi
68%
Cape Verde
68%
Grenada
68%
Kiribati
68%
Nauru
68%
Seychelles
68%
Comoros
64%
East Timor
64%
Saint Vincent and the
Grenadines
64%
Palau
61%
Samoa
61%

Score Distribution

Percentile by Number Answered

Percent of People with Each Score

Your Score History

You have not taken this quiz